000 00442cam a22001337a 4500
008 180718b1974 xxu||||| |||| 00| 0 eng d
082 _aAB54 V276
100 _aVan Buitenen, J.A.B.
245 _aRamanuja on the Bhagavadgita, a condensed rendering of his Gitabbhayas with copious notes and an introduction
_cby J.A.B. Van Buitenen
250 _a2nd ed.
260 _aDelhi
_bMotilal Banarsidass
_c1974
300 _a187p.
650 _aHinduism
999 _c355918
_d355918